000 00987 a2200277 4500
999 _c200001019
_d28729
001 200001019
003 TR-AnTOB
005 20230818000905.0
008 100608s2007 xxu
020 _a978898446522
035 _a200001019
040 _cANKA
_aTR-AnTOB
041 _aeng
050 _aPEE
090 _bTIBT DEL SPE ADV 2007
099 _aPEE
100 1 _aGallagher, Nancy
_967566
245 1 0 _aDelta's key to the next generation TOEFL test :
_badvanced skill practice speaking /
_cby Nancy Gallagher.
264 1 _aMcHenry, IL :
_bDelta,
_cc2005,2007
300 _a119 p. :
_bill. ;
_e+ 1 CD-ROM.
650 0 7 _aİngiliz dili
_vSınavlar, sorular, vb.
_2etuturkob
_934123
650 0 _aEnglish language
_vExaminations, questions, etc.
_xExaminations, questions, etc.
_923303
650 0 _aEnglish language
_vTextbooks for foreign speakers
_xTextbooks for foreign speakers
_967636
650 7 _aİngiliz dili
_vDers kitapları, Yabancılar için
_2etuturkob
_917653
942 _cMX
_2lcc